000 01083nam a22002417a 4500
003 BD-DhSAU
005 20220524111207.0
008 220425b2018 bg ad || |||| 001 0 eng d
040 _aBD-DhSAU
082 _222
_a338.1
_bR8121
100 _aRoy, Pollobi
_eRegistration # 12-05179
245 _aComparative study of microcredit recipients of NGOs and determinants of their perception of poverty alleviation /
_bMS thesis
_cPollobi Roy
260 _aSher-e-Bangla Agricultural Uniersity :
_bDepartment of Development and Poverty Studies ;
_c2018
300 _aviii, 50 p. :
_bill., charts ;
_c30 cm.
500 _aMS thesis Department of Development and Poverty Studies, Faculty of Agri busnisses, Sher-e-Bangla Agricultural University, Dhaka, Bangladesh
590 _akobir
650 _aDevelopment and Poverty Studies
650 _aPoverty alleviation
700 _aSarker, Md Mizanur Rahman
_eSupervisor
700 _aLatif, Md. Abdul
_eCo-Supervisor
856 _yOnline Access
_uhttp://archive.saulibrary.edu.bd:8080/xmlui/handle/123456789/3796
942 _2ddc
_cTHESIS
999 _c15781
_d15780